000 00683cam a22002293a 4500
001 22735
003 PGUSA
005 20140828083502.0
008 070923s2007||||xxu|||||s|||||000 | eng d
040 _aPGUSA
_beng
042 _adc
050 4 _aBT
100 1 _aStead, W. T.
_q(William Thomas),
_d1849-1912
245 1 0 _aKing of the Jews :
_bA story of Christ's last days on Earth
_h[electronic resource] /
_cW. T. Stead
260 _bProject Gutenberg,
_c2007
506 _aPublic domain in the USA.
516 _aElectronic text
653 _aJesus Christ -- Last days
830 0 _aProject Gutenberg
_v22735
856 4 0 _uhttp://www.gutenberg.org/ebooks/22735
942 _cEB
999 _c251990
_d251990